[Event "ITA-ch U16"]
[Site "Salsomaggiore Terme"]
[Date "2019.07.10"]
[Round "5"]
[White "Conati, Kevin"]
[Black "Casagrande, Federico"]
[Result "0-1"]
[WhiteElo "1719"]
[BlackElo "2050"]
[PlyCount "144"]
[EventDate "2019.07.07"]
[EventType "swiss"]
[EventRounds "9"]
[EventCountry "ITA"]
[SourceTitle "EXT 2020"]
[Source "ChessBase"]
[SourceDate "2019.10.17"]
[SourceVersion "1"]
[SourceVersionDate "2019.10.17"]
[SourceQuality "1"]

1. e4 c6 2. d4 d5 3. Nc3 dxe4 4. Nxe4 Bf5 5. Ng3 Bg6 6. Nf3 Nd7 7. h4 h6 8. h5 Bh7 9. Bd3 Bxd3 10. Qxd3 Ngf6 11. Bd2 Qc7 12. 0-0-0 e6 13. Kb1 0-0-0 14. c4 c5 15. Qc3 Bd6 16. dxc5 Nxc5 17. Be3 Bxg3 18. fxg3 Nce4 19. Qe5 Qxe5 20. Nxe5 Rxd1+ 21. Rxd1 Nxh5 22. Bxa7 f6 23. Ng6 Re8 24. g4 Nhg3 25. Bb6 Nf1 26. Kc2 Nh2 27. Nf4 Nxg4 28. Nxe6 Ne3+ 29. Bxe3 Rxe6 30. Re1 f5 31. Bd4 Rg6 32. Re2 Rg4 33. Bc3 g5 34. Be5 h5 35. b3 Ng3 36. Bxg3 Rxg3 37. Kd2 f4 38. Rf2 h4 39. Ke2 Kd7 40. Kf1 Ke6 41. Re2+ Kf5 42. Re7 Rc3 43. Rxb7 Rc1+ 44. Kf2 Kg4 45. Re7 h3 46. gxh3+ Kxh3 47. Rg7 Kg4 48. Re7 Kh3 49. Rh7+ Kg4 50. Re7 Rc3 51. Re2 Rf3+ 52. Kg2 Rg3+ 53. Kh2 Rc3 54. Rb2 Kf3 55. b4 g4 56. Rb3 Rxb3 57. axb3 g3+ 58. Kg1 Ke2 59. Kg2 f3+ 60. Kxg3 f2 61. Kf4 f1Q+ 62. Ke5 Qe1 63. b5 Qc3+ 64. Kd6 Qxb3 65. c5 Qxb5 66. c6 Qb4+ 67. Kd7 Qa4 68. Kc7 Kd3 69. Kb6 Qb4+ 70. Ka6 Qc5 71. Kb7 Qb5+ 72. Kc7 Kd4 0-1

[Event "Kaltern Trophy-B 2nd"]
[Site "Kaltern"]
[Date "2017.10.28"]
[Round "2"]
[White "Paoli, Giacomo"]
[Black "Conati, Kevin"]
[Result "1/2-1/2"]
[WhiteElo "1748"]
[BlackElo "1531"]
[PlyCount "29"]
[EventDate "2017.10.27"]
[EventType "swiss"]
[EventRounds "5"]
[EventCountry "ITA"]
[SourceTitle "CBM 181 Extra"]
[Source "ChessBase"]
[SourceDate "2017.12.12"]
[SourceVersion "1"]
[SourceVersionDate "2017.12.12"]
[SourceQuality "1"]

1. e4 c5 2. Nf3 d6 3. d4 cxd4 4. Nxd4 Nf6 5. Nc3 g6 6. Bc4 Bg7 7. 0-0 0-0 8. Be3 Nc6 9. Nf3 Bg4 10. Be2 Qc7 11. Qd2 Rfd8 12. h3 Bxf3 13. Bxf3 Ne5 14. Be2 Nc4 15. Bxc4 1/2-1/2